| 000 | 00519 a2200181 4500 | ||
|---|---|---|---|
| 020 | _a0596001576 | ||
| 040 |
_aDLC _bDLC |
||
| 082 | _a005.8 | ||
| 100 | _aScott Oaks | ||
| 245 |
_aJava security _cOaks, Scott. |
||
| 250 | _a2nd | ||
| 260 |
_aSebastopol, CA : _bO’Reilly, _cc2001. |
||
| 300 |
_axvi, 599 p. : _b ill. ; _c 24 cm. |
||
| 440 | _aJava series (O’Reilly & Associates) | ||
| 500 | _aIncludes Index | ||
| 650 | _a1.Java (Computer program language) 2.Computer security | ||
| 942 |
_cBK _k005.8 OAK _2ddc |
||
| 999 |
_c4377 _d4377 |
||